| 000 -LEADER |
| fixed length control field |
00665nam a22002177a 4500 |
| 003 - CONTROL NUMBER IDENTIFIER |
| control field |
OSt |
| 005 - DATE AND TIME OF LATEST TRANSACTION |
| control field |
20241031130802.0 |
| 008 - FIXED-LENGTH DATA ELEMENTS--GENERAL INFORMATION |
| fixed length control field |
241031b ||||| |||| 00| 0 eng d |
| 020 ## - INTERNATIONAL STANDARD BOOK NUMBER |
| International Standard Book Number |
9780435393649 |
| 040 ## - CATALOGING SOURCE |
| Transcribing agency |
KH8 |
| 082 ## - DEWEY DECIMAL CLASSIFICATION NUMBER |
| Classification number |
400 MAT |
| 100 ## - MAIN ENTRY--PERSONAL NAME |
| Personal name |
Mathews, Marianne, |
| Relator term |
author. |
| 245 ## - TITLE STATEMENT |
| Title |
Mira 3 : |
| Remainder of title |
Rojo and Verde Resource and Assessment Pack / |
| Statement of responsibility, etc. |
Marianne Mathews and Leanda Reed. |
| 260 ## - PUBLICATION, DISTRIBUTION, ETC. |
| Place of publication, distribution, etc. |
UK ; |
| Name of publisher, distributor, etc. |
Pearson Education Ltd , |
| Date of publication, distribution, etc. |
2008. |
| 300 ## - PHYSICAL DESCRIPTION |
| Extent |
144 pages : |
| Other physical details |
illustrations ; |
| Dimensions |
30 cm |
| Accompanying material |
+ 2 cd - rom. |
| 650 ## - SUBJECT ADDED ENTRY--TOPICAL TERM |
| Topical term or geographic name entry element |
Foreign language |
| Form subdivision |
Spainish |
| 650 ## - SUBJECT ADDED ENTRY--TOPICAL TERM |
| Topical term or geographic name entry element |
Practice file |
| 650 ## - SUBJECT ADDED ENTRY--TOPICAL TERM |
| Topical term or geographic name entry element |
Assessment file |
| 700 ## - ADDED ENTRY--PERSONAL NAME |
| Personal name |
Reed, Leanda, |
| Relator term |
author. |
| 942 ## - ADDED ENTRY ELEMENTS (KOHA) |
| Source of classification or shelving scheme |
|
| Koha item type |
Teaching Resources |